Word Ladder: A Hawk from a Handsaw Quiz Stats

 Plays Quiz Updated Sep 6, 2015

Challenge
Share
Tweet
Embed
Score 0/20 Timer 02:00
2 Plays Today
Hint Four-Letter Word % Correct
Disney or WhitmanWALT
94.9%
What you do in a queueWAIT
91.5%
BarrierWALL
90.9%
Shakespeare, to his friendsWILL
90.4%
Forget your saw? Use an axe to _____ through this tree trunk.CHOP
89.8%
Indiana Jones weaponWHIP
89.6%
Pickle flavoringDILL
88.6%
Word that follows chocolate or computerCHIP
86.8%
Malibu Stacy et al.DOLL
84.5%
Window glassPANE
83.6%
Hint Four-Letter Word % Correct
Fruit companyDOLE
83.3%
The two of themBOTH
81.9%
Hamlet's 'The lady ____ protest too much, methinks' DOTH
81.1%
IotaWHIT
78.8%
Dark Knight Rises villainBANE
74.6%
To bestow or express loveDOTE
73.9%
Claw-footed fixtureBATH
61.5%
To moderate or restrainBATE
53.3%
Wan, or with [RUNG 20] a famous Central Park hawk PALE
32.7%
Dude, or with [RUNG 19] a famous Central Park hawk MALE
25%

Today's Daily Dose

You're not logged in!

Compare scores with friends on all Sporcle quizzes.
Join for Free
OR
Log In

You Might Also Like...

Show Comments

Extras

Top Quizzes Today


Score Distribution

Your Account Isn't Verified!

In order to create a playlist on Sporcle, you need to verify the email address you used during registration. Go to your Sporcle Settings to finish the process.

Report this User

Report this user for behavior that violates our Community Guidelines.

Details: